marque de velo de route/VTT - Statistiques

Statistiques générales
  • Ce quiz a été pris 149 fois
  • Le résultat moyen est 7 sur 9
Statistiques - réponses
Par images Réponse % Correct
canyon
97%
cube
97%
cannondale
93%
colnago
93%
specialized/s-works
87%
van rysel
85%
BMC
81%
Xlab
59%
lapierre
53%
Aucun quiz correspondant
Distribution des résultats
% des personnes avec chaque résultat
Percentile par nombre de réponses
Votre historique - résultats
Vous n’avez pas pris ce quiz